Cuenta tus gallinas / (Record no. 23864)

MARC details
000 -LEADER
fixed length control field 01008cam a22003254a 4500
001 - CONTROL NUMBER
control field 55887518
003 - CONTROL NUMBER IDENTIFIER
control field OCoLC
005 - DATE AND TIME OF LATEST TRANSACTION
control field 20200214130006.0
008 - FIXED-LENGTH DATA ELEMENTS--GENERAL INFORMATION
fixed length control field 040702s2005 mnua b 001 0 spa
010 ## - LIBRARY OF CONGRESS CONTROL NUMBER
LC control number 2004048889
020 ## - INTERNATIONAL STANDARD BOOK NUMBER
International Standard Book Number 0736841512
020 ## - INTERNATIONAL STANDARD BOOK NUMBER
International Standard Book Number 9780736841511
040 ## - CATALOGING SOURCE
Original cataloging agency DLC
Transcribing agency DLC
Modifying agency BAKER
-- SO$
041 1# - LANGUAGE CODE
Language code of text/sound track or separate title spa
Language code of original eng
042 ## - AUTHENTICATION CODE
Authentication code pcc
082 00 - DEWEY DECIMAL CLASSIFICATION NUMBER
Classification number 513.2/11
Edition number 22
092 ## - LOCALLY ASSIGNED DEWEY CALL NUMBER (OCLC)
Classification number 513.211 JACOBS
100 1# - MAIN ENTRY--PERSONAL NAME
Personal name Jacobs, Daniel
Fuller form of name (Daniel Martin),
Relator term author.
240 10 - UNIFORM TITLE
Uniform title <a href="Count your chickens.">Count your chickens.</a>
Language of a work Spanish.
245 10 - TITLE STATEMENT
Title Cuenta tus gallinas /
Statement of responsibility, etc. por Daniel Jacobs.
260 ## - PUBLICATION, DISTRIBUTION, ETC. (IMPRINT)
Place of publication, distribution, etc. Mankato, Minn. :
Name of publisher, distributor, etc. Yellow Umbrella Books,
Date of publication, distribution, etc. c2005.
300 ## - PHYSICAL DESCRIPTION
Extent 17 p. :
Other physical details col. ill. ;
Dimensions 21 cm.
490 1# - SERIES STATEMENT
Series statement Yellow Umbrella Books. Mathematics. Spanish.
500 ## - GENERAL NOTE
General note Translation of: Count your chickens.
500 ## - GENERAL NOTE
General note Includes index.
546 ## - LANGUAGE NOTE
Language note Text in Spanish.
650 #0 - SUBJECT ADDED ENTRY--TOPICAL TERM
Topical term or geographic name as entry element Counting
Form subdivision Juvenile literature.
830 #0 - SERIES ADDED ENTRY--UNIFORM TITLE
Uniform title Yellow Umbrella Books for early readers.
Number of part/section of a work Nivel B,
Name of part/section of a work Matematicas.
942 ## - ADDED ENTRY ELEMENTS (KOHA)
Koha item type Libro/Book
Source of classification or shelving scheme Dewey Decimal Classification
Holdings
Withdrawn status Lost status Damaged status Not for loan Home library Current library Shelving location Date acquired Inventory number Total Checkouts Total Renewals Full call number Barcode Checked out Date last seen Date checked out Price effective from Koha item type
        San Juan Del Sur -- Biblioteca San Juan Del Sur -- Biblioteca Children's Area 07/05/2014 Checked out from 2022- Feb 2025 26   CAJA ESPANOL 30002789 13/10/2022 06/10/2022 06/10/2022 07/05/2014 Libro/Book
        San Juan Del Sur -- Mobile San Juan Del Sur -- Biblioteca   20/01/2015 Checked out from 2021- Feb 2025 10     33002123 11/06/2021 07/05/2021 07/05/2021 20/01/2015 Libro/Book

Powered by Koha